00723nam a2200157Ia 4500008004100000020005500041040000800096082001900104100002900123245015300152260000900305264011300314942001300427952010800440999001700548231129s2002||||xx |||||||||||||| ||spa|| a958-8181-01-1  bspa a986.105 H565or aHerrera íngel Marta 0aOrdenar para controlar : ordenamiento espacial y control polí­tico en las llanuras del Caribe y en los Andes Centrales Neogranadinos. Siglo XVIII c2002 aBogotá Colombia : Academia Colombiana de la Historia Instituto Colombiano de Antropologí­a e Historia 2ddccBKS 00102ddc4070aBRCbBRCd2017-07-26l0o986.105 H565orp39634r2023-11-29 21:24:25t1w2023-11-29yBK c22148d22148